00744nam a2200217u 450000100060000000300080000600500170001400800390003103500190007004000330008904100080012208200200013010000430015024500790019326000870027230000380035965000370039770000470043474000210048174000240050220178BD-RjUL20211209000530.0140226s1930 enka 000 d eng a(BD-RjUL)20240 aDLCcCarPdDLCdBD-RjULbeng aeng a832.6bLEL 19301 aLessing, Gotthold Ephraim,d1729-1781.10aLaocoön, Nathan the Wise, Minna von Barnhelm /cGotthold Ephraim Lessing aLondon ;bJ. M. Dent & sons, ltd. ;aNew York :bE. P. Dutton & co., inc. ,c1930. axiv, 296 [6] p. :bill. ;c18 cm. 0aAestheticsyEarly works to 1800.1 aSteel, William A., [from old catalog]etr. aNathan the Wise. aMinna von Barnhelm.